000
00240nam a2200097Ia 4500
082
_a
EKF DEVL
245
0
_a
Hattie the bad
100
_a
DEVLIN, Jane London, 2009
_9
84336
942
_c
BK
008
210817s9999 xx 000 0 und d
999
_c
310797
_d
310796